000 00822nam a2200241 i 4500
001 181886
003 ES-MaACL
005 20231219062539.0
008 130506s2005 sp | |||| ||spa d
020 _a84-96467-07-4
080 _a272(460)(091)
100 1 _aEscudero, José Antonio.
_947686
245 1 0 _aEstudios sobre la Inquisición /
_cJosé Antonio Escudero.
260 _aMadrid :
_bMarcial Pons Historia,
_c2005.
300 _a438 p. ;
_c23 cm.
490 1 _aBiblioteca clásica
650 4 _aInquisición-
_zEspaña-
_vHistoria.
_913799
830 0 _aBiblioteca clásica
_9180370
852 _aES-MaACL
_jA-12700
_9188794
_bR.148827
_cDEPO1
_dOlim: N-5700
_xDonación: José Luis Abellán
903 _aAbellán, José Luis,
_d1933-2023
_ednr
_q1
_9176509
942 _2udc
_cMONOGRAFIA
999 _c181886
_d181886